| 000 | 00603nam a22001817a 4500 | ||
|---|---|---|---|
| 999 |
_c172817 _d172817 |
||
| 005 | 20200213123253.0 | ||
| 010 | _aENG-127726 | ||
| 020 |
_c250.00 _a9789388927628 |
||
| 035 | _aEN-111258 | ||
| 037 | _bDBAD/PUB | ||
| 082 | _a920 | ||
| 100 | _aJotangiya,Paresh N | ||
| 245 |
_aIris Murdoch as a Postmodern novelist with Reference of her two novels under the net and the sea, the sea/ _cby Paresh N Jotangiya |
||
| 260 |
_aAhmedabad _c2019 _bVedant Publication |
||
| 270 |
_aRajkot, Ahmedabad, Surat _e360001 _bAhmedabad |
||
| 300 |
_a111p. _b20cm(pbk) |
||
| 942 |
_2ddc _cEN _h920 _mJOT |
||